|
|
|
|
| LEADER |
00000cam a22000007a 4500 |
| 008 |
180813s2008 |||| o|||| 00| 0 spa d |
| 952 |
|
|
|0 0
|1 0
|2 ddc
|4 0
|6 RECURSO_ELECTRONICO
|7 0
|8 BAS
|9 93762
|a BC
|b BC
|c General
|d 2020-04-22
|l 0
|o RECURSO ELECTRONICO
|r 2020-04-22 00:00:00
|w 2020-04-22
|y BK
|A 61
|B ANT
|C 17
|
| 999 |
|
|
|c 51060
|d 51060
|
| 040 |
|
|
|a UAHC
|c UAHC
|d UAHC
|
| 100 |
|
|
|9 4625
|a Stavenhagen, Rodolfo
|
| 245 |
1 |
4 |
|a Los pueblos indígenas y sus derechos :
|b informes temáticos del relator especial sobre la situación de los derechos humanos y las libertades fundamentales de los pueblos indígenas del Consejo de Derechos Humanos de la Organización de las Naciones Unidas
|c Rodolfo Stavenhagen.
|
| 260 |
|
|
|b UNESCO,
|c 2008.
|
| 300 |
|
|
|a 171 p.
|
| 500 |
|
|
|a Sitios visitado (http://unesdoc.unesco.org/images/0022/002256/225613s.pdf) el 27 de agosto de 2018.
|
| 520 |
|
|
|a Este libro contiene los siete informes temáticos anuales que en mi calidad de Relator Especial para los Derechos Humanos y las Libertades Fundamentales de los Indígenas he presentado al Consejo de Derechos Humanos de las Naciones Unidas entre 2002 y 2007.
|
| 650 |
|
0 |
|9 1937
|a Derechos de los pueblos indígenas
|z América Latina
|
| 650 |
|
0 |
|9 4374
|a Pueblos indígenas
|z América Latina
|
| 856 |
|
|
|y Acceso electrónico al documento
|u http://unesdoc.unesco.org/images/0022/002256/225613s.pdf
|
| 900 |
|
|
|a RECURSO ELECTRONICO
|
| 942 |
|
|
|c BK
|